Biochemical pathways an atlas of biochemistry and molecular biology (Registro nro. 41392)

Detalles MARC
000 -ENCABEZADO
Número de control [NR] 01013nam a2200253Ia 4500
008 - DE LONGITUD FIJA DE DATOS DE ELEMENTOS - INFORMACIÓN GENERAL
Elementos de longitud fija [NR] 130821s2012 xxua gr eng
020 ## - NUMERO INTERNACIONAL NORMALIZADO PARA LIBROS [R]
Número Internacional Normalizado del libro [NR] 9780470146842
040 ## - FUENTE DE CATALOGACION [NR]
Agencia de catalogación original [NR] Co-BoUCM
Idioma de catalogación [NR] spa
041 00 - CODIGO DE IDIOMA [R]
Código de idioma para texto/pista de sonido o título separado [R] Inglés
060 ## - SIGNATURA TOPOGRAFICA DE LA BIBLIOTECA NACIONAL DE MEDICINA (NLM) [R]
Número clasificador [R] QU 4
245 00 - MENCION DE TITULO [NR]
Título [NR] Biochemical pathways an atlas of biochemistry and molecular biology
Mención de responsabilidad, etc. [NR] editado por Dietmar Schomburg, Gerhard Michal
250 ## - MENCION DE EDICION [NR]
Mención de edición [NR] 2nd ed.
260 ## - PUBLICACION, DISTRIBUCION, ETC. (PIE DE IMPRENTA) [R]
Lugar de publicación, distribución, etc. [R] Hoboken (Nueva Jersey, Estados Unidos)
Nombre del editor, distribuidor, etc. [R] John Wiley & Sons
Fecha de publicación, distribución, etc. [R] 2012
300 ## - DESCRIPCION FISICA [R]
Extensión [R] xi, 398 páginas
Otros detalles físicos [NR] gráficas
504 ## - NOTA DE BIBLIOGRAFIA, ETC. [R]
Nota de bibliografía, etc. [NR]
650 04 - ASIENTO SECUNDARIO DE MATERIA - TERMINO TEMATICO [R]
Término temático o nombre geográfico como elemento de entrada [NR] Biología molecular
9 (RLIN) 10131
650 04 - ASIENTO SECUNDARIO DE MATERIA - TERMINO TEMATICO [R]
Término temático o nombre geográfico como elemento de entrada [NR] Bioquímica
9 (RLIN) 10154
650 04 - ASIENTO SECUNDARIO DE MATERIA - TERMINO TEMATICO [R]
Término temático o nombre geográfico como elemento de entrada [NR] Bioquímica
Subdivisión de forma [R] Atlas
9 (RLIN) 10154
650 04 - ASIENTO SECUNDARIO DE MATERIA - TERMINO TEMATICO [R]
Término temático o nombre geográfico como elemento de entrada [NR] Metabolismo
Subdivisión de forma [R] Atlas
9 (RLIN) 90798
700 1# - ASIENTO SECUNDARIO - NOMBRE PERSONAL [R]
Nombre personal [NR] Michal, Gerhard
Término de relación [R]
9 (RLIN) 161043
700 1# - ASIENTO SECUNDARIO - NOMBRE PERSONAL [R]
Nombre personal [NR] Schomburg, D.
Forma más completa del nombre [NR] (Dietmar)
Término de relación [R]
9 (RLIN) 161044
856 4# - LOCALIZACION Y ACCESO ELECTRONICOS [R]
Nota dirigida al público [R] Consulte las tablas de contenido haciendo clic aquí
Identificador Uniforme del Recurso (“URI”) [R] <a href="http://www.loc.gov/catdir/enhancements/fy1203/2011041441-t.html">http://www.loc.gov/catdir/enhancements/fy1203/2011041441-t.html</a>
942 ## - ELEMENTOS DE ENTRADA AGREGADOS (KOHA)
Tipo de ítem principal el descrito en 300a Libro
Tema principal Medicina
Edición 2
Parte restante de la signatura top. B615p
Sistema de clasificación NLM
Clasificación QU 4
Título oculto en OPAC No
Existencias
Fecha de último préstamo Total préstamos Total Renewals Signatura topográfica Código de barras Última vez visto Volúmen / Fascículo Ejemplar Price effective from Tipo de ítem Perdido Sistema de clasificación Dañado No prestable Tipo de ítem específico Suprimido Ubicación habitual Ubicación actual Localización Fecha de creación Forma de adquisición Costo
28/09/2022 10 13 QU 4 B615p 200024434 07/03/2026 2a. Ed. Ej.1 03/02/2013 Libro   NLM     Libro   Quinta de Mutis Quinta de Mutis 1er piso 19/02/2013 Compra 183000.00